000 00699nam a2200181 a 4500
008
020 _a9789712724459
050 0 0 _aBX4857
_b.M34 2011
100 1 _aMaggay, Melba Padilla.
245 1 2 _aA clash of cultures :
_bearly American Protestant missions and Filipino religious consciousness /
_cMelba Padilla Maggay.
260 _aManila :
_bAnvil,
_cc2011.
300 _axix, 235 p. ;
_c23 cm.
650 0 _aProtestantism
_zPhilippines
_xHistory.
650 0 _aReligion and politics
_zPhilippines
_xHistory.
650 0 _aChristianity and politics
_xPhilippines
_xHistory.
651 0 _aPhilippines
_xPolitics and Government
_y1898-1946.
942 _2lcc
_cBK
999 _c283720
_d283720